[Event "Cachoeiro CEAX 5th"]
[Site "Cachoeiro"]
[Date "2012.08.11"]
[Round "3.1"]
[White "Vazzoler, Hermes Junior"]
[Black "Osorio, Jose Eustaquio Hate"]
[Result "1-0"]
[WhiteElo "2128"]
[BlackElo "1928"]
[PlyCount "77"]
[EventDate "2012.08.11"]
[EventType "swiss"]
[EventRounds "5"]
[EventCountry "BRA"]
[SourceTitle "EXT 2022"]
[Source "ChessBase"]
[SourceDate "2021.10.06"]
[SourceVersion "1"]
[SourceVersionDate "2021.10.06"]
[SourceQuality "1"]

1. d4 Nf6 2. c4 g6 3. Nc3 Bg7 4. e4 d6 5. f3 0-0 6. Be3 c6 7. Nge2 h5 8. Qd2 a5 9. h3 e5 10. d5 c5 11. g4 Na6 12. Bg5 Qd7 13. Ng3 hxg4 14. hxg4 Nxg4 15. Bh3 f5 16. fxg4 f4 17. Nf1 Nc7 18. Nh2 b5 19. Nf3 bxc4 20. Bh4 Rb8 21. Qh2 Nb5 22. 0-0 Nd4 23. Rab1 a4 24. a3 Qe8 25. Nd2 Ba6 26. g5 Rb7 27. Bg4 Rbf7 28. Qh3 Bh8 29. Be6 Nxe6 30. Qxe6 Qxe6 31. dxe6 Re7 32. Nd5 Rh7 33. Nf3 c3 34. bxc3 Bd3 35. Rfe1 Bxb1 36. Rxb1 Re8 37. Nf6+ Bxf6 38. gxf6 Rxe6 39. Rb8+ 1-0

[Event "Santa Maria de Jetiba CEAX 2nd"]
[Site "Santa Maria de Jetiba"]
[Date "2011.04.17"]
[Round "5.1"]
[White "Vazzoler, Hermes Junior"]
[Black "Cunha e Silva, Carlos Alberto V"]
[Result "1/2-1/2"]
[WhiteElo "2134"]
[BlackElo "2042"]
[PlyCount "22"]
[EventDate "2011.04.16"]
[EventType "swiss"]
[EventRounds "5"]
[EventCountry "BRA"]
[SourceTitle "EXT 2022"]
[Source "ChessBase"]
[SourceDate "2021.10.06"]
[SourceVersion "1"]
[SourceVersionDate "2021.10.06"]
[SourceQuality "1"]

1. e4 c5 2. Nf3 d6 3. d4 cxd4 4. Nxd4 Nf6 5. Nc3 a6 6. g3 e5 7. Bg2 Be7 8. 0-0 0-0 9. Re1 Qc7 10. a4 Nc6 11. Nb3 b6 1/2-1/2

[Event "Santa Maria de Jetiba CEAX 2nd"]
[Site "Santa Maria de Jetiba"]
[Date "2011.04.16"]
[Round "3.4"]
[White "Vazzoler, Hermes Junior"]
[Black "Brito, Yuri Gabriel Aguiar"]
[Result "1-0"]
[WhiteElo "2134"]
[BlackElo "1991"]
[PlyCount "43"]
[EventDate "2011.04.16"]
[EventType "swiss"]
[EventRounds "5"]
[EventCountry "BRA"]
[SourceTitle "EXT 2022"]
[Source "ChessBase"]
[SourceDate "2021.10.06"]
[SourceVersion "1"]
[SourceVersionDate "2021.10.06"]
[SourceQuality "1"]

1. e4 c5 2. Nf3 d6 3. c3 Nc6 4. d4 Nf6 5. d5 Nb8 6. h3 Nxe4 7. Qa4+ Nd7 8. Qxe4 Nf6 9. Bb5+ Bd7 10. Bxd7+ Qxd7 11. Qd3 0-0-0 12. c4 e6 13. Nc3 Re8 14. 0-0 e5 15. Re1 Qe7 16. Ne4 Nd7 17. Ng3 Nf6 18. Bg5 h6 19. Bf4 g6 20. Qa3 Kb8 21. Ne4 Nxe4 22. Rxe4 1-0

[Event "Estadual-ch"]
[Site "Vitoria"]
[Date "2003.12.??"]
[Round "8"]
[White "Lacerda, Cesar Romeu"]
[Black "Vazzoler, Hermes Junior"]
[Result "1/2-1/2"]
[WhiteElo "2039"]
[BlackElo "2135"]
[PlyCount "96"]
[EventDate "2003.12.06"]
[EventType "swiss"]
[EventRounds "8"]
[EventCountry "BRA"]
[SourceTitle "EXT 2022"]
[Source "ChessBase"]
[SourceDate "2021.10.06"]
[SourceVersion "1"]
[SourceVersionDate "2021.10.06"]
[SourceQuality "1"]

1. e4 e5 2. Nf3 Nc6 3. Bb5 Nf6 4. d3 d6 5. c3 g6 6. Nbd2 Bg7 7. Qe2 0-0 8. Nf1 a6 9. Ba4 Nd7 10. Ne3 Nc5 11. Bc2 Ne6 12. Nd5 f5 13. h4 f4 14. Bd2 b5 15. a4 Bd7 16. axb5 axb5 17. 0-0 b4 18. Rxa8 Qxa8 19. Bb3 Kh8 20. Rc1 bxc3 21. bxc3 Qa3 22. Qd1 Rb8 23. Bc2 Rb2 24. Ra1 Ra2 25. Rxa2 Qxa2 26. Qb1 Qxb1+ 27. Bxb1 h6 28. g3 fxg3 29. fxg3 Kg8 30. Ba2 Kf8 31. Kf2 Ne7 32. Be3 Nxd5 33. Bxd5 Ke7 34. Bb3 Bb5 35. Ke2 c5 36. Nd2 Nf8 37. Nc4 Nd7 38. Bd2 Ba6 39. Ne3 Nf6 40. Nd5+ Nxd5 41. Bxd5 Bb5 42. Bb3 Bd7 43. Kf3 h5 44. Bg5+ Bf6 45. Ke3 Bxg5+ 46. hxg5 Bb5 47. Bd5 Ba4 48. d4 cxd4+ 1/2-1/2

[Event "BRA CEAX op 4th"]
[Site "Cachoeiro de Itapemirim"]
[Date "2003.09.27"]
[Round "4"]
[White "Vazzoler, Hermes Junior"]
[Black "Agdamus, Jose Luis"]
[Result "1/2-1/2"]
[WhiteElo "2135"]
[BlackElo "2284"]
[PlyCount "35"]
[EventDate "2003.09.26"]
[EventType "swiss"]
[EventRounds "6"]
[EventCountry "BRA"]
[SourceTitle "EXT 2006"]
[Source "ChessBase"]
[SourceDate "2005.11.24"]
[SourceVersion "1"]
[SourceVersionDate "2005.11.24"]
[SourceQuality "1"]

1. e4 c5 2. c3 d5 3. exd5 Qxd5 4. d4 Nc6 5. Nf3 Bg4 6. Be2 e6 7. 0-0 Nf6 8. Be3 cxd4 9. cxd4 Be7 10. Nc3 Qa5 11. Qb3 Qb4 12. h3 Qxb3 13. axb3 Bh5 14. g4 Bg6 15. Ne5 0-0 16. Nxc6 bxc6 17. Ra6 Bc2 18. Rfa1 1/2-1/2

[Event "BRA CEAX op 4th"]
[Site "Cachoeiro de Itapemirim"]
[Date "2003.09.27"]
[Round "2"]
[White "Vazzoler, Hermes Junior"]
[Black "Gerhardt, Reinaldo C"]
[Result "1-0"]
[WhiteElo "2135"]
[BlackElo "1800"]
[PlyCount "63"]
[EventDate "2003.09.26"]
[EventType "swiss"]
[EventRounds "6"]
[EventCountry "BRA"]
[SourceTitle "EXT 2006"]
[Source "ChessBase"]
[SourceDate "2005.11.24"]
[SourceVersion "1"]
[SourceVersionDate "2005.11.24"]
[SourceQuality "1"]

1. e4 e5 2. d4 d6 3. Nf3 Nc6 4. Bb5 Bd7 5. Nc3 Nf6 6. 0-0 a6 7. Bxc6 Bxc6 8. Re1 Be7 9. dxe5 dxe5 10. Nxe5 Bb4 11. Qxd8+ Rxd8 12. Nxc6 Bxc3 13. bxc3 bxc6 14. Bg5 0-0 15. e5 Rd5 16. c4 Rc5 17. Bc1 Ng4 18. Ba3 Rxc4 19. Bxf8 Kxf8 20. h3 Nh6 21. g4 g5 22. Re3 Rxc2 23. Ra3 Re2 24. Rxa6 Rxe5 25. Rxc6 Kg7 26. Rxc7 Rd5 27. a4 Rd3 28. a5 Rxh3 29. a6 Nxg4 30. a7 Rf3 31. a8Q Rxf2 32. Rf1 1-0

[Event "BRA CEAX op 4th"]
[Site "Cachoeiro de Itapemirim"]
[Date "2003.09.26"]
[Round "1"]
[White "Moulin, Ronaldo T"]
[Black "Vazzoler, Hermes Junior"]
[Result "0-1"]
[WhiteElo "1808"]
[BlackElo "2135"]
[PlyCount "80"]
[EventDate "2003.09.26"]
[EventType "swiss"]
[EventRounds "6"]
[EventCountry "BRA"]
[SourceTitle "EXT 2006"]
[Source "ChessBase"]
[SourceDate "2005.11.24"]
[SourceVersion "1"]
[SourceVersionDate "2005.11.24"]
[SourceQuality "1"]

1. d4 Nf6 2. Nf3 g6 3. Bf4 Bg7 4. e3 0-0 5. Bd3 d6 6. h3 c5 7. 0-0 b6 8. Nbd2 Bb7 9. Rb1 Nbd7 10. c4 cxd4 11. exd4 e5 12. dxe5 dxe5 13. Bxe5 Nxe5 14. Nxe5 Nh5 15. Ndf3 Nf4 16. Bc2 Nxg2 17. Qxd8 Raxd8 18. Kxg2 Bxe5 19. Rfe1 Bf6 20. Kg3 Rfe8 21. b3 Bc3 22. Rxe8+ Rxe8 23. Rd1 Re2 24. Bb1 Rb2 25. Rd7 Bxf3 26. Kxf3 Rxb1 27. Rxa7 Rb2 28. Ra6 Bd4 29. Ke4 Bxf2 30. Kd5 h5 31. Kc6 g5 32. Rxb6 Bxb6 33. Kxb6 g4 34. hxg4 hxg4 35. c5 g3 36. c6 g2 37. c7 g1Q+ 38. Kb7 Qg2+ 39. Kb8 Rc2 40. c8Q+ Rxc8+ 0-1

[Event "BRA CEAX op 2nd "]
[Site "Brazil"]
[Date "2003.07.04"]
[Round "1"]
[White "Vazzoler, Hermes Junior"]
[Black "Barros, Jose Patricio"]
[Result "1-0"]
[WhiteElo "2135"]
[BlackElo "1790"]
[PlyCount "35"]
[EventDate "2003.07.??"]
[EventType "swiss"]
[EventRounds "6"]
[EventCountry "BRA"]
[SourceTitle "EXT 2006"]
[Source "ChessBase"]
[SourceDate "2005.11.24"]
[SourceVersion "1"]
[SourceVersionDate "2005.11.24"]
[SourceQuality "1"]

1. e4 e5 2. Nf3 Nc6 3. d4 d6 4. Nc3 f6 5. h3 a6 6. Bc4 b5 7. Bd5 Nge7 8. Bb3 Ng6 9. d5 Nce7 10. g4 Bb7 11. Be3 c5 12. dxc6 Nxc6 13. Nd5 Qb8 14. Bb6 Bc8 15. Nc7+ Kd7 16. Nxa8 Qxa8 17. Qd5 Nd4 18. Qxa8 1-0

[Event "BRA-ch sf2"]
[Site "Vitoria"]
[Date "2002.11.??"]
[Round "3"]
[White "Pinto, Carlos Henrique Lop"]
[Black "Vazzoler, Hermes Junior"]
[Result "1-0"]
[WhiteElo "2244"]
[BlackElo "2145"]
[PlyCount "68"]
[EventDate "2002.11.??"]
[EventType "swiss"]
[EventRounds "7"]
[EventCountry "BRA"]
[SourceTitle "EXT 2006"]
[Source "ChessBase"]
[SourceDate "2005.11.24"]
[SourceVersion "1"]
[SourceVersionDate "2005.11.24"]
[SourceQuality "1"]

1. e4 e5 2. Nf3 Nf6 3. Nc3 Nc6 4. Bb5 Nd4 5. Ba4 c6 6. 0-0 Nxf3+ 7. Qxf3 Be7 8. d3 d6 9. Nd5 Nxd5 10. exd5 b5 11. dxc6 bxa4 12. c7 Qxc7 13. Qxa8 0-0 14. Be3 Bb7 15. Qxa7 d5 16. Qb6 Qd7 17. Bc5 Rc8 18. Bxe7 Qxe7 19. Rfe1 f6 20. c3 Qd7 21. f4 d4 22. c4 Bxg2 23. Re2 Bf3 24. Rf2 Qg4+ 25. Kf1 Qh3+ 26. Ke1 Bg4 27. Qb7 Qe3+ 28. Kf1 Qxd3+ 29. Kg1 Qxc4 30. fxe5 fxe5 31. Raf1 Be6 32. Qe7 h6 33. Rg2 Qxf1+ 34. Kxf1 Bh3 1-0